书目信息 |
| 题名: |
计算机化学方法及应用
|
|
| 作者: | 许禄 编著 | |
| 分册: | ||
| 出版信息: | 北京 化学工业出版社 1990 |
|
| 页数: | 334页 | |
| 开本: | 19cm | |
| 丛书名: | ||
| 单 册: | ||
| 中图分类: | O6-39 | |
| 科图分类: | ||
| 主题词: | 化学实验 | |
| 电子资源: | ||
| ISBN: | 7-5025-0736-1 | |
| 000 | 00555nam0 2200193 45 | |
| 001 | 0407011657 | |
| 005 | 20040701163359.6 | |
| 010 | @a7-5025-0736-1@dCNY6.40 | |
| 100 | @a20040701d1990 km y0chiy0120 ea | |
| 101 | 0 | @achi |
| 105 | @a z 000yy | |
| 200 | 1 | @a计算机化学方法及应用@AJi Suan Ji Hua Xue Fang Fa Ji Ying Yong@f许禄等编著@FXu Lu Deng Bian Zhu |
| 210 | @a北京@c化学工业出版社@d1990 | |
| 215 | @a334页@d19cm | |
| 606 | 0 | @a化学实验 |
| 690 | @aO6-39@v3 | |
| 701 | 0 | @a许禄@4编著 |
| 801 | @aCN@bPftUser@c20040701 | |
| 905 | @f1@b240822@dO6-39@e230 | |
| 计算机化学方法及应用/许禄等编著.-北京:化学工业出版社,1990 |
| 334页;19cm |
| ISBN 7-5025-0736-1:CNY6.40 |
| ● |
| 相关链接 |
|
|
|
|
正题名:计算机化学方法及应用
索取号:O6-39/230
 
预约/预借
| 序号 | 登录号 | 条形码 | 馆藏地/架位号 | 状态 | 备注 |
| 1 | 0240822 | 001944427 | 第三借阅区/ [索取号:O6-39/230] | 在馆 | |
| 2 | 0240823 | 000341767 | 第二样本阅览室/ [索取号:O6-39/230] | 在馆 |